Normal view
MARC view
Entry Topical Term
001 - CONTROL NUMBER
- control field: 10857
003 - CONTROL NUMBER IDENTIFIER
- control field: OSt
005 - DATE AND TIME OF LATEST TRANSACTION
- control field: 20211105133322.0
008 - FIXED-LENGTH DATA ELEMENTS
- fixed length control field: 211105|| aca||aabn | a|a d
040 ## - CATALOGING SOURCE
- Original cataloging agency: OSt
- Transcribing agency: OSt
150 ## - HEADING--TOPICAL TERM
- Topical term or geographic name entry element: Astrolabes
670 ## - SOURCE DATA FOUND
- Source citation: Work cat.: (OSt): Gunther, Robert T 10856, The astrolabes of the world based upon the series of instruments in the Lewis Evans collection in the old Ashmolean Museum at Oxford : with notes on astrolables in the collections of the British Museum, Science Museum, Sir J. Findlay, Mr. S.V. Hoffman, the Mensing collection, and in other public and private collections, 1976